Racionalizácia výroby komponentov vo firme ICT industrial construction technologies, s.r.o.

Guardado en:
Detalles Bibliográficos
Autor principal: Janúch, Matej (Autor)
Otros Autores: Pokorný, Peter (Orientador)
Formato: Manuscrito Libro
Lenguaje:eslovaco
Publicado: 2025
Materias:
Acceso en línea:http://is.stuba.sk/zp/portal_zp.pl?podrobnosti=183991
Etiquetas: Agregar Etiqueta
Sin Etiquetas, Sea el primero en etiquetar este registro!

MARC

LEADER 00000ntm a22000003a 4500
001 stuzp103653
003 SK-STU
005 20250614212120.6
007 ta
008 150427s2015----xo-----f-mn---000-0-slo-d
040 |a STU  |b slo 
041 0 |a slo 
100 1 |a Janúch, Matej  |u 063000  |4 aut  |U MTF Materiálovotechnologická fakulta  |T MTF Ústav výrobných technológií  |X 110271  |U M3000  |Y 83  |7 110271 
242 0 1 |a Rationalization of component production in ICT industrial construction technologies, s.r.o.  |y eng 
245 1 0 |a Racionalizácia výroby komponentov vo firme ICT industrial construction technologies, s.r.o. 
260 |c 2025 
650 4 |a machining  |2 eng 
650 4 |a rationalization  |2 eng 
650 4 |a Okuma MULTUS U3000  |2 eng 
650 4 |a Edgecam  |2 eng 
650 4 |a Okuma MULTUS U3000  |2 slo 
650 4 |a Edgecam  |2 slo 
650 4 |a obrábanie  |2 slo 
650 4 |a racionalizácia  |2 slo 
700 1 |a Pokorný, Peter  |4 ths  |X 2771  |7 A000002771 
856 4 |u http://is.stuba.sk/zp/portal_zp.pl?podrobnosti=183991 
996 |c M* DP-15562  |l MMSKP  |s P  |a 0  |w stuzp103653_0001